Hướng dẫn mới nhất về chế độ kế toán - Kiểm toán dành cho các đơn vị sự nghiệp có thu

Nội dung sách bao gồm những phần sau: Quy định mới nhất về kiểm toán ngân sách nhà nước, quy định mới về chế dộ kế toán ngân sách nhà nước và hoạt động kho bạc, quy định mới về quản lý tài chính và quyền tự chủ,tự chịu trách nhiệm...

Popoln opis

Shranjeno v:
Bibliografske podrobnosti
Format: Knjiga
Jezik:Undetermined
Izdano: Hà Nội Lao động 2010
Teme:
Oznake: Označite
Brez oznak, prvi označite!
Thư viện lưu trữ: Trung tâm Học liệu Trường Đại học Cần Thơ
LEADER 01151nam a2200193Ia 4500
001 CTU_156756
008 210402s9999 xx 000 0 und d
020 |c 297000 
082 |a 657 
082 |b H561 
245 0 |a Hướng dẫn mới nhất về chế độ kế toán - Kiểm toán dành cho các đơn vị sự nghiệp có thu 
245 0 |c Quý Long, Kim Thư (Sưu tầm và hệ thống hóa) 
260 |a Hà Nội 
260 |b Lao động 
260 |c 2010 
520 |a Nội dung sách bao gồm những phần sau: Quy định mới nhất về kiểm toán ngân sách nhà nước, quy định mới về chế dộ kế toán ngân sách nhà nước và hoạt động kho bạc, quy định mới về quản lý tài chính và quyền tự chủ,tự chịu trách nhiệm thực hiện tổ chức bộ máy, biên chế đối với các đơn vị sự nghiệp có thu,... 
650 |a Accounting,Auditing 
904 |i Giang 
980 |a Trung tâm Học liệu Trường Đại học Cần Thơ